000 00614nam a22001937a 4500
999 _c252170
_d252169
003 OSt
005 20231024125244.0
008 231024b xxu||||| |||| 00| 0 eng d
010 _a 2005023166
020 _a0131875213
040 _a DLC
_c DLC
_d DLC
050 _aRC454
_b.O44 2007
100 _aOltmanns, Thomas F.
245 _a Abnormal psychology /
_cThomas F. Oltmanns, Robert E. Emery.
250 _a5th Edn.
260 _a Upper Saddle River, N.J. :
_b Pearson/Prentice Hall,
_c c2007.
300 _a xxvii, 690 p. :
_b ill. (chiefly col.) ;
_c 29 cm +
_e 1 CD-ROM (4 3/4 in.)
942 _cBK
_2lcc